Online
Catalog

Anti-Sábato o Ernesto Sábato : (Record no. 13309)

MARC details
000 -CABECERA
campo de control de longitud fija 01078nam a2200265 a 4500
001 - NÚMERO DE CONTROL
campo de control 000013696
003 - IDENTIFICADOR DEL NÚMERO DE CONTROL
campo de control OSt
005 - FECHA Y HORA DE LA ÚLTIMA TRANSACCIÓN
campo de control 20240530073932.0
008 - DATOS DE LONGITUD FIJA--INFORMACIÓN GENERAL
campo de control de longitud fija 091127s1968 ve 001 e spa d
040 ## - FUENTE DE LA CATALOGACIÓN
Centro catalogador/agencia de origen DO-SdBNP
Lengua de catalogación spa
Centro/agencia transcriptor BNPHU
082 ## - NÚMERO DE LA CLASIFICACIÓN DECIMAL DEWEY
Número de clasificación RD864.44
Número de documento/Ítem J61a
100 1# - ENTRADA PRINCIPAL--NOMBRE DE PERSONA
Nombre de persona Jimenes Grullón, Juan Isidro,
Fechas asociadas al nombre 1903-1983
9 (RLIN) 2482
245 10 - MENCIÓN DE TÍTULO
Título Anti-Sábato o Ernesto Sábato :
Resto del título un escritor dominado por fantasmas /
Mención de responsabilidad, etc. Juan Isidro Jimenez Grullón.
260 ## - PUBLICACIÓN, DISTRIBUCIÓN, ETC.
Lugar de publicación, distribución, etc. Maracaibo, Venezuela :
Nombre del editor, distribuidor, etc. Universidad de Zulia,
Fecha de publicación, distribución, etc. 1968.
300 ## - DESCRIPCIÓN FÍSICA
Extensión 104 p. ;
Dimensiones 23 cm.
504 ## - NOTA DE BIBLIOGRAFÍA, ETC.
Nota de bibliografía, etc. Incluye bibliográficas y notas al pie de páginas.
586 ## - NOTA DE PREMIOS
Nota de premios Primer premio en el Concurso de Ensayos, 1967 de la Facultad de Humanidades y Educación de la Universidad de Zulia.
590 ## - NOTA LOCAL (RLIN)
Nota local Inventariado, 2020/VM
600 14 - PUNTO DE ACCESO ADICIONAL DE MATERIA--NOMBRE DE PERSONA
Nombre de persona SÁBATO, ERNESTO,
Fechas asociadas al nombre 1911-
Subdivisión general CRÍTICA E INTERPRETACIÓN
9 (RLIN) 27222
650 #4 - PUNTO DE ACCESO ADICIONAL DE MATERIA--TÉRMINO DE MATERIA
Término de materia o nombre geográfico como elemento de entrada Autores argentinos
Subdivisión general Crítica e interpretación
9 (RLIN) 27223
650 #0 - PUNTO DE ACCESO ADICIONAL DE MATERIA--TÉRMINO DE MATERIA
Término de materia o nombre geográfico como elemento de entrada Ensayos dominicanos
9 (RLIN) 65
650 #0 - PUNTO DE ACCESO ADICIONAL DE MATERIA--TÉRMINO DE MATERIA
Término de materia o nombre geográfico como elemento de entrada Literatura dominicana.
9 (RLIN) 67
910 ## - DATOS DE OPCIÓN DEL USUARIO (OCLC)
Datos de opción del usuario VMateo /Validado. Control de calidad EMS
942 ## - ELEMENTOS DE PUNTO DE ACCESO ADICIONAL (KOHA)
Fuente del sistema de clasificación o colocación Dewey Decimal Classification
Tipo de ítem Koha Libro
Holdings
Estado de retiro Estado de pérdida Fuente del sistema de clasificación o colocación Restricciones de uso No para préstamo Código de colección Localización permanente Ubicación/localización actual Ubicación en estantería Fecha de adquisición Total de préstamos Signatura topográfica completa Código de barras Fecha visto por última vez Precio válido a partir de Tipo de ítem Koha
    Dewey Decimal Classification Excluido de préstamo Excluido de préstamo Monografías: Libros y Folletos Biblioteca Nacional Pedro Henríquez Ureña Patrimonio Dominicano Depósito 27.11.2009   BNPHU PD RD864.44 J61a 13696-10 25.06.2020 25.06.2020 Libro

Powered by Koha